000 003040000a22001450004500
005 20120302065246.0
942 _cBOOK
100 _a Mehta, Bhavin R.
245 _a Vidur-Neeti
260 _aMumbai:Rahul Publication
300 _a63p..-ill
040 _aMar
365 _b15/-
650 _aSankeerna
999 _c364312
_d364309